00474nam a2200169Ia 4500008004100000020001800041050001400059100001800073245006500091245004700156260001300203260002900216260000900245300001500254300002700269500000800296170918s9999 xx 000 0 und d a9780746070192 bD275 2007 aDaynes, Katie 4aThe story of toilets, telephones & other useful inventions / cKatie Daynes ; illustrated by Adam Larkum. aLondon : bUsborne Publishing Ltd., c2007 a48 pages : bcolored illustration ; a680